[Event "SN-2013-0-00560"]
[Site "LSS email"]
[Date "2013.12.17"]
[Round "?"]
[White "Digiglio, Rafael"]
[Black "Puri, Chaand"]
[Result "1-0"]
[WhiteElo "802"]
[BlackElo "535"]
[PlyCount "71"]
[EventDate "2013.12.06"]
[EventType "tourn (corr)"]
[EventRounds "6"]
[EventCountry "GER"]
[SourceTitle "Corr 2022"]
[Source "ChessBase"]
[SourceDate "2021.10.24"]
[SourceVersion "1"]
[SourceVersionDate "2021.10.24"]
[SourceQuality "1"]

1. e4 e5 2. Nf3 Bc5 3. Nxe5 Qe7 4. Nd3 Nf6 5. Nxc5 Qxc5 6. Nc3 d6 7. d4 Qb6 8. e5 dxe5 9. dxe5 Qe6 10. f4 0-0 11. Be2 Nc6 12. 0-0 Rd8 13. Bd3 a6 14. Qe2 Nd4 15. Qe3 Nxc2 16. Bxc2 b6 17. exf6 Qxf6 18. Qe4 Bb7 19. Qxb7 Qe6 20. Qxc7 Re8 21. Bd2 Re7 22. Qe5 Qxe5 23. fxe5 Rd8 24. Bf4 g6 25. Rad1 Rdd7 26. Nd5 Re6 27. Nf6+ Kg7 28. Rxd7 g5 29. Bxg5 Rxe5 30. Rd5 Re2 31. Bxh7 Rxb2 32. Bd3 Rxa2 33. Nd7 b5 34. Bf6+ Kh6 35. Bh8 b4 36. Rf6# 1-0

[Event "SN-2013-0-00560"]
[Site "LSS email"]
[Date "2013.12.16"]
[Round "?"]
[White "Puri, Chaand"]
[Black "Wood, Brian"]
[Result "0-1"]
[WhiteElo "535"]
[BlackElo "544"]
[PlyCount "84"]
[EventDate "2013.12.06"]
[EventType "tourn (corr)"]
[EventRounds "6"]
[EventCountry "GER"]
[SourceTitle "Corr 2022"]
[Source "ChessBase"]
[SourceDate "2021.10.24"]
[SourceVersion "1"]
[SourceVersionDate "2021.10.24"]
[SourceQuality "1"]

1. e4 c6 2. Bc4 e6 3. Nf3 d5 4. exd5 exd5 5. Bb3 Nf6 6. d3 Bd6 7. 0-0 0-0 8. Nc3 Bg4 9. h3 Bxf3 10. Qxf3 Re8 11. g3 Nbd7 12. Bf4 Bxf4 13. Qxf4 Nb6 14. Rfe1 Qd7 15. g4 Rxe1+ 16. Rxe1 Re8 17. Rxe8+ Nxe8 18. Na4 Qd6 19. Qd4 Nxa4 20. Bxa4 b6 21. c4 dxc4 22. Qxc4 b5 23. Bxb5 cxb5 24. Qc8 Kf8 25. Qf5 a6 26. Qxh7 Qe5 27. Qh8+ Ke7 28. Qh4+ Qf6 29. g5 Qxb2 30. Qe4+ Kf8 31. g6 Qxa2 32. Qf5 Qe6 33. Qh5 Qxg6+ 34. Qg4 Qxg4+ 35. Kh2 Qf3 36. d4 Qxf2+ 37. Kh1 Qxd4 38. Kh2 Qf2+ 39. Kh1 b4 40. h4 Nf6 41. h5 Ng4 42. h6 Qh2# 0-1

[Event "SN-2013-0-00509"]
[Site "LSS email"]
[Date "2013.05.12"]
[Round "?"]
[White "Fridich, Vaclav Sr"]
[Black "Puri, Chaand"]
[Result "1-0"]
[WhiteElo "956"]
[BlackElo "588"]
[PlyCount "91"]
[EventDate "2013.04.19"]
[EventType "tourn (corr)"]
[EventRounds "6"]
[EventCountry "GER"]
[SourceTitle "Telechess CBM 163"]
[Source "ChessBase"]
[SourceDate "2014.11.11"]
[SourceVersion "2"]
[SourceVersionDate "2014.11.11"]
[SourceQuality "1"]

1. e4 e5 2. Nf3 Nc6 3. Bc4 Nh6 4. d4 d6 5. Bb5 Bd7 6. 0-0 a6 7. Bc4 b5 8. Bd5 Be7 9. a3 0-0 10. dxe5 dxe5 11. Qe1 Nd4 12. Nxd4 Rc8 13. Nf3 c6 14. Ba2 c5 15. Nxe5 c4 16. Nxd7 Qxd7 17. Nc3 Ng4 18. Bf4 Bc5 19. h3 Nf6 20. Kh1 h6 21. Rd1 Qa7 22. f3 g5 23. Bh2 Rfd8 24. Rxd8+ Rxd8 25. Bg1 Nh5 26. Bf2 Nf4 27. Bxc5 Qxc5 28. Ne2 Qe5 29. c3 Nd3 30. Qb1 h5 31. b3 Nf4 32. Nxf4 Qxf4 33. Rd1 Rd3 34. Rxd3 cxd3 35. Qxd3 Qc1+ 36. Kh2 Qxa3 37. Qd2 g4 38. b4 gxf3 39. gxf3 a5 40. bxa5 Qxa5 41. Qg2+ Kf8 42. Qd2 f6 43. f4 Qc7 44. Kg2 Qg7+ 45. Kf3 h4 46. Qd8# 1-0